Výkonnosť vybraných dlhopisových indexov krajín eurozóny diplomová práca

Gespeichert in:
Bibliographische Detailangaben
1. Verfasser: Jančová, Skarleta
Körperschaft: Národohospodárska fakulta EU. Katedra bankovníctva a medzinárodných financií
Weitere Verfasser: Gachová, Katarína, 1977-
Format: Buch
Sprache:Slowakisch
Veröffentlicht: Bratislava 2021
Tags: Tag hinzufügen
Keine Tags, Fügen Sie das erste Tag hinzu!

MARC

LEADER 00000nbm a2200000 4500
001 0274211
005 20220110135443.2
041 0 |a slo 
044 |a SK 
245 1 0 |a Výkonnosť vybraných dlhopisových indexov krajín eurozóny  |b diplomová práca  |c Skarleta Jančová ; školiteľ: Katarína Gachová 
264 1 |a Bratislava  |c 2021 
300 |a 80 s. 
100 1 |a Jančová, Skarleta 
700 1 |a Gachová, Katarína, 1977- 
710 2 |a Národohospodárska fakulta EU. Katedra bankovníctva a medzinárodných financií